| 000 | 00439nam a22001577a 4500 | ||
|---|---|---|---|
| 020 | _a9788126530656 | ||
| 082 | _a004.6 HIL | ||
| 100 | _aHillier Scot | ||
| 245 | _aProfessional Business Connectivity Services in Sharepoint 2010 | ||
| 260 |
_aNew Delhi _bWiley _c2011 |
||
| 300 |
_axxix, 374P. _bill.:21cm. |
||
| 500 | _aincludes index | ||
| 650 | _aProfessional Business Connectivity Services | ||
| 700 | _aStevenson Brad | ||
| 942 | _cBK | ||
| 999 |
_c16464 _d16464 |
||